=LDR 00000nam 2200000 4500 =001 INLIS000000000048162 =005 20230102103603 =035 ##$$a 0010-071600000000003 =008 230102###########################0###### =020 ##$$a 978-602-98173-4-8 =082 ##$$a 372.8 =100 ##$$a Keen Achroni =245 1#$$a RPUL SMP =250 ##$$a Cet. 1 =260 ##$$a Jogjakarta :$b Javalitera,$c 2011 =300 ##$$a 260 Hlm ; $c 21 Cm =850 ##$$a BPAP =084 ##$$a 372.8 KEE r =990 ##$$a 0001/BPAP-NTB/2016 =990 ##$$a 65576557 =990 ##$$a 21304734 =990 ##$$a 0001/BPAP-NTB/2016